000 00350nam a22001337a 4500
082 _a954.025
_bKEE
100 _aKeene, H,G,
_949863
245 _aMughal Empires of Hindustan
_c H,G,Keene,
260 _aLondon
_bW.H. Allen & Co.
_c1887
300 _axvi, p:299
526 _a0
_b0
_c0
_d954_025000000000000_KEE
650 _aMCE
_9379
942 _2ddc
_cBK
999 _c552607
_d552607